| 000 | 00679 a2200169 4500 | ||
|---|---|---|---|
| 003 | NUST | ||
| 005 | 20221207152717.0 | ||
| 040 | _cNust | ||
| 082 | _a297,BUK | ||
| 100 |
_aBukhari.A.S _98683 |
||
| 245 |
_aIsalmic Education (Dagree Classes) / _cA.S Bukhari and Zafar |
||
| 260 |
_aLahore _bAziz Book _c2009 |
||
| 300 | _a495:p.: | ||
| 505 | _aStudy Of The Holy Quran (Page-17), Definition Of Selected Verses From The Holy Quran With Explanation (Page-145), Definition And Explanation Of Twenty Selected Ahadith (Page-281), Life Of The Holy Prophet Muhammad (SAW), (Page-365), Islamic Civilization (Page-435). | ||
| 650 |
_aIsalmic Education _9104360 |
||
| 942 |
_2ddc _cBK _k297,BUK |
||
| 999 |
_c186292 _d186292 |
||